| 000 | 00536nam a2200181 a 4500 | ||
|---|---|---|---|
| 003 | BD-DhJNU | ||
| 005 | 20250826034609.0 | ||
| 008 | 250501s1961 ii a b 001 0 eng | ||
| 040 |
_aBD-DhJNU _bENG _cBD-DhJNU _dBD-DhJNU |
||
| 082 | 0 | 0 |
_a954. 0298 MOW _223 |
| 100 | 1 | _aMoon, Penderel | |
| 245 | 1 | 0 |
_aWarren Hastings and British India / _cPenderel Moon |
| 260 |
_aLondon : _bThe English Universities Press Ltd, _c1961. |
||
| 300 |
_aix, 361 p. : _bill. ; _c19 cm. |
||
| 504 | _aIncludes index. | ||
| 650 | 0 | _aWarren Hastings | |
| 942 | _cBK | ||
| 999 |
_c2021 _d2021 |
||